000 00213nam a22000857a 4500
008 161108b xxu||||| |||| 00| 0 eng d
100 _abpi india
_91057
245 _acharles the chameleon
260 _anew delhi
_bbpi
_c2011
999 _c3713
_d3713